| 000 | 00373nam a22001337a 4500 | ||
|---|---|---|---|
| 008 | 230620b xxu||||| |||| 00| 0 eng d | ||
| 082 |
_a320.9 _bCRO |
||
| 100 | _cRichard Crook, James Manor, John A. Wiseman | ||
| 245 | _aThe Journal of Commonwealth & Comparative Politics | ||
| 260 |
_bFrank Cass & Co Ltd _c1987 |
||
| 300 | _a167p | ||
| 440 | _vVolume 25 | ||
| 942 |
_2ddc _cBK |
||
| 999 |
_c1549 _d1549 |
||